Cuantificación de la inversión en seguridad ocupacional en obras de construcción en una empresa constructora
Guardado en:
| Hovedforfatter: | |
|---|---|
| Format: | Bog |
| Udgivet: |
San Pedro de Montes de Oca, Costa Rica
2008
|
| Fag: | |
| Tags: |
Tilføj Tag
Ingen Tags, Vær først til at tagge denne postø!
|
MARC
| LEADER | 00000nam a2200000Ia 4500 | ||
|---|---|---|---|
| 003 | 001261 | ||
| 005 | 20221231144053.0 | ||
| 008 | 140114s2008 cr a 000 ||s d | ||
| 040 | |c cru CEDI | ||
| 090 | |a TFG 5784 | ||
| 100 | |a Alfaro Chavarría, Francisco José |9 4017 | ||
| 245 | |a Cuantificación de la inversión en seguridad ocupacional en obras de construcción en una empresa constructora | ||
| 260 | |c 2008 |b San Pedro de Montes de Oca, Costa Rica | ||
| 300 | |a 143, [22] hojas; ilustraciones (algunas a color) | ||
| 500 | |a Tesis (licenciatura en ingeniería civil)--Universidad de Costa Rica. Facultad de Ingeniería. Escuela de Ingeniería Civil | ||
| 650 | |x SEGURIDAD OCUPACIONAL |x ASPECTOS ECONOMICOS |x INDUSTRIA DE LA CONSTRUCCION |x EMPLEADOS |x MEDIDAS DE SEGURIDAD |x PATRONOS Y EMPLEADOS |9 4018 | ||
| 942 | |c TFG | ||
| 999 | |c 16451 |d 16451 | ||
